000 00627nam a22001937a 4500
999 _c12053
_d12053
003 BD-JhCC
005 20211013134021.0
008 210309s ii |||| |||| 000 0 eng d
020 _a9789380078106
035 _a(BD-JhCC)
040 _aBD-JhCC
_dBD-JhCC
041 _aeng
082 _a428.34
_bKEY
245 _aA key by key guide to instant vocabulary :
_bnow you can quickly and easily learn this proven technique and enjoy the benefits of instant vocabulary! /
260 _aNew Delhi :
_bMG Books,
_c?
300 _a558 p. :
_c22 cm.
650 _aVocabulary
_vEnglish language--Self-instruction
942 _2ddc
_cBK
_02